UBT Library

Proza e poetizuar / (Record no. 1117)

000 -LEADER
fixed length control field 00641nam a22002057a 4500
008 - FIXED-LENGTH DATA ELEMENTS--GENERAL INFORMATION
fixed length control field 150714b xxu||||| |||| 00| 0 alb d
020 ## - INTERNATIONAL STANDARD BOOK NUMBER
International Standard Book Number 9789951240055
041 0# - LANGUAGE CODE
Language code of text/sound track or separate title alb
080 ## - UNIVERSAL DECIMAL CLASSIFICATION NUMBER
Universal Decimal Classification number 821.18.09
100 ## - Rafti
Rafti Dabishevci, Donika ;
245 ## - TITLE STATEMENT
Title Proza e poetizuar /
Statement of responsibility, etc Donika Dabishevci.
260 ## -
-- Prishtine :
-- Instituti Albanologjik,
-- 2015.
300 ## -
-- 340 f. ;
-- 20 cm.
500 ## -
-- Literatura teorike: f. 323-326
500 ## -
-- Literatura ndihmese: f. 327-331
505 ## -
-- Treguesi i emrave: f.332-335
650 #0 -
-- Proza
650 #0 -
-- Poezi
942 ## - ADDED ENTRY ELEMENTS (KOHA)
Source of classification or shelving scheme
Item type Books
Holdings
Withdrawn status Lost status Source of classification or shelving scheme Damaged status Not for loan Collection code Permanent location Current location Shelving location Date acquired Total Checkouts Full call number Date last seen Price effective from Koha item type Barcode
            UBT - Lipjan UBT - Lipjan   01/05/2026     01/05/2026 01/05/2026 Books 002-800070999385
          Koleksioni i përgjithshem UBT - Prishtine UBT - Prishtine Koleksioni i përgjithshem 07/14/2015   821.18.09 DAB 07/14/2015 07/14/2015 Books  
UBT Library © 2015-2024. All rights reserved University Education for Business and Technology